000 00326nam a22001337a 4500
008 170222b xxu||||| |||| 00| 0 eng d
020 _a9780323022965
041 _aeng
080 _212 ED
_a615 31
100 _a5
101 _aSHS
245 _aPROSTHODONTIC TREATMENT FOR EDENTULOUS PATIENTS
_cFENTON .E.J
942 _2udc
_cBK
999 _c6076
_d6076